Efecto de los antimicrobianos nanoencapsulados en bacterias fitopatógenas en el cultivo de papa (Solanum toberosum) en el Estado de México / (Record no. 220675)
[ view plain ]
| 000 -CABECERA | |
|---|---|
| campo de control de longitud fija | 03277nam a2200361 a 4500 |
| 003 - IDENTIFICADOR DEL NÚMERO DE CONTROL | |
| campo de control | OSt |
| 005 - FECHA Y HORA DE LA ÚLTIMA TRANSACCIÓN | |
| campo de control | 20250813103958.0 |
| 007 - CAMPO FIJO DE DESCRIPCIÓN FÍSICA--INFORMACIÓN GENERAL | |
| campo de control de longitud fija | cr ||||||a|a|a |
| 008 - DATOS DE LONGITUD FIJA--INFORMACIÓN GENERAL | |
| campo de control de longitud fija | 250624s2025 mx a|||fom||| 001 0 spa d |
| 040 ## - FUENTE DE LA CATALOGACIÓN | |
| Normas de descripción | rda |
| 100 1# - ENTRADA PRINCIPAL--NOMBRE DE PERSONA | |
| Nombre de persona | Cruz García, Yesi del Rocío |
| 9 (RLIN) | 190557 |
| 245 10 - MENCIÓN DE TÍTULO | |
| Título | Efecto de los antimicrobianos nanoencapsulados en bacterias fitopatógenas en el cultivo de papa (Solanum toberosum) en el Estado de México / |
| Mención de responsabilidad, etc. | por Yesi del Rocio Cruz García y Berenice Enriquez Ramírez; director de tesis Oscar Morales Galván; secretario José Abraham Ramírez Pool; vocal José Manuel Pineda Rios; suplente Guillermo Mongragón Pedreros; suplente Jaime Alfredo Urzua Gutierrez |
| 264 #1 - PRODUCCIÓN, PUBLICACIÓN, DISTRIBUCIÓN, FABRICACIÓN Y COPYRIGHT | |
| Producción, publicación, distribución, fabricación y copyright | Chapingo, México : |
| Nombre del de productor, editor, distribuidor, fabricante | El autor, |
| Fecha de producción, publicación, distribución, fabricación o copyright | 2024. |
| 300 ## - DESCRIPCIÓN FÍSICA | |
| Extensión | 1 recurso en línea (78 páginas): |
| Otras características físicas | cuadros, figuras. |
| 336 ## - TIPO DE CONTENIDO | |
| Fuente | rdacontent |
| Término de tipo de contenido | texto |
| Código de tipo de contenido | txt |
| 337 ## - TIPO DE MEDIO | |
| Fuente | rdamedia |
| Nombre/término del tipo de medio | computadora |
| Código del tipo de medio | c |
| 338 ## - TIPO DE SOPORTE | |
| Fuente | rdacarrier |
| Nombre/término del tipo de soporte | recurso en línea |
| Código del tipo de soporte | cr |
| 502 ## - NOTA DE TESIS | |
| Tipo de título | Ingeniero Agrónomo Especialista en Parasitología Agrícola |
| Nombre de la institución que otorga el título | Departamento de Enseñanza, Investigación y Servicio en Parasitología Agrícola, |
| Año de obtención del título | 2024. |
| Información miscelánea | Licenciatura |
| 504 ## - NOTA DE BIBLIOGRAFÍA, ETC. | |
| Nota de bibliografía, etc. | Incluye referencias bibliográficas: páginas 72-76. |
| 520 ## - SUMARIO, ETC. | |
| Sumario, etc. | El cultivo de papa (Solanum tuberosum) es fundamental para la seguridad alimentaria y la economía agrícola en el Estado de México. No obstante, enfrenta importantes desafíos debido a infecciones causadas por bacterias fitopatógenas como Clavibacter michiganensis y Clavibacter sepedonicus, que afectan significativamente la producción y calidad del cultivo. Este estudio tuvo como objetivo evaluar el efecto de antimicrobianos nanoencapsulados sobre estas bacterias, utilizando un enfoque que incluye la síntesis de nanopartículas, la purificación de antimicrobianos y su aplicación en plantas de papa cultivadas e inoculadas con bacterias fitopatógenas en condiciones controladas. Se realizaron mediciones de la tasa fotosintética para evaluar el impacto de los tratamientos y se realizó un análisis de la comunidad microbiana mediante la secuenciación del gen 16S. Los resultados revelaron que las nanopartículas con antimicrobianos lograron reducir significativamente la presencia de C. michiganensis y C. sepedonicus, mientras que las nanopartículas sin antimicrobianos no mostraron un efecto notable sobre estos patógenos. Además, el análisis de la diversidad microbiana indicó que los tratamientos con antimicrobianos no alteraron significativamente la estructura microbiana global de las plantas, manteniendo la diversidad microbiana en niveles comparables a las plantas no tratadas. |
| 650 #4 - PUNTO DE ACCESO ADICIONAL DE MATERIA--TÉRMINO DE MATERIA | |
| Término de materia o nombre geográfico como elemento de entrada | Papa |
| Subdivisión general | Enfermedades por bacterias |
| 9 (RLIN) | 85228 |
| 650 #4 - PUNTO DE ACCESO ADICIONAL DE MATERIA--TÉRMINO DE MATERIA | |
| Término de materia o nombre geográfico como elemento de entrada | Clavibacter michiganensis |
| Subdivisión general | Control |
| 9 (RLIN) | 131934 |
| 650 #4 - PUNTO DE ACCESO ADICIONAL DE MATERIA--TÉRMINO DE MATERIA | |
| Término de materia o nombre geográfico como elemento de entrada | Clavibacter sepedonicus |
| Subdivisión general | Control |
| 9 (RLIN) | 190919 |
| 650 #4 - PUNTO DE ACCESO ADICIONAL DE MATERIA--TÉRMINO DE MATERIA | |
| Término de materia o nombre geográfico como elemento de entrada | Bacterias fitopatógenas |
| Subdivisión general | Control |
| 9 (RLIN) | 190918 |
| 700 1# - PUNTO DE ACCESO ADICIONAL--NOMBRE DE PERSONA | |
| Nombre de persona | Enriquez Ramírez, Berenice |
| 9 (RLIN) | 190558 |
| 700 1# - PUNTO DE ACCESO ADICIONAL--NOMBRE DE PERSONA | |
| Nombre de persona | Morales Galván, Oscar |
| Término indicativo de función/relación | director de tesis. |
| 9 (RLIN) | 78271 |
| 700 1# - PUNTO DE ACCESO ADICIONAL--NOMBRE DE PERSONA | |
| Nombre de persona | Ramírez Pool, José Abraham |
| 9 (RLIN) | 190710 |
| Término indicativo de función/relación | secretario. |
| 700 1# - PUNTO DE ACCESO ADICIONAL--NOMBRE DE PERSONA | |
| Nombre de persona | Pineda Rios, José Manuel |
| 9 (RLIN) | 88174 |
| Término indicativo de función/relación | vocal. |
| 700 1# - PUNTO DE ACCESO ADICIONAL--NOMBRE DE PERSONA | |
| Nombre de persona | Mondragón Pedrero, Guillermo |
| 9 (RLIN) | 77486 |
| Término indicativo de función/relación | suplente. |
| 700 1# - PUNTO DE ACCESO ADICIONAL--NOMBRE DE PERSONA | |
| Nombre de persona | Urzúa Gutiérrez, Jaime Alfredo |
| Término indicativo de función/relación | suplente. |
| 9 (RLIN) | 117018 |
| 856 ## - LOCALIZACIÓN Y ACCESO ELECTRÓNICOS | |
| Identificador Uniforme del Recurso | http://10.13.5.2/tesis/tl/17101516-1_Y_1710656-3_CRUZ_GARCIA_YESIDEROCIO_Y_ENRIQUEZ_RAMIREZ_BERENICE.pdf |
| Nota pública | DESCARGAR PDF |
| 942 ## - ELEMENTOS DE PUNTO DE ACCESO ADICIONAL (KOHA) | |
| Fuente del sistema de clasificación o colocación | Clasificación Universidad Autónoma Chapingo |
| Tipo de ítem Koha | Tesis digital |
| Estado de retiro | Estado de pérdida | Fuente del sistema de clasificación o colocación | Estado dañado | Restricciones de uso | No para préstamo | Código de colección | Localización permanente | Ubicación/localización actual | Ubicación en estantería | Fecha de adquisición | Total de préstamos | Signatura topográfica completa | Fecha visto por última vez | Precio válido a partir de | Tipo de ítem Koha |
|---|---|---|---|---|---|---|---|---|---|---|---|---|---|---|---|
| Clasificación Universidad Autónoma de Chapingo | Préstamo interno | Tesis digitales de Licenciatura | Biblioteca Digital | Biblioteca Digital | En línea | 24/06/2025 | Tesis digital | 24/06/2025 | 24/06/2025 | Tesis digital |
